Les villes les plus peuplées d'Eure-et-Loir - Statistiques

Statistiques générales
  • Ce quiz a été pris 210 fois
  • Le résultat moyen est 10 sur 20
Statistiques - réponses
Population Ville % Correct
40 402 Chartres
99%
31 822 Dreux
90%
14 556 Châteaudun
79%
17 723 Lucé
75%
11 531 Nogent-le-Rotrou
67%
4 439 Maintenon
56%
10 009 Mainvilliers
53%
6 590 Luisant
51%
4 288 Bonneval
47%
5 499 Épernon
47%
11 490 Vernouillet
47%
3 709 Brou
44%
4 145 Nogent-le-Roi
40%
4 308 Lèves
39%
3 735 La Loupe
35%
3 225 Illiers-Combray
29%
3 883 Auneau
27%
3 510 Gallardon
19%
3 553 Saint-Rémy-sur-Avre
10%
4 354 Saint-Lubin-des-Joncherets
6%
Aucun quiz correspondant
Distribution des résultats
% des personnes avec chaque résultat
Percentile par nombre de réponses
Votre historique - résultats
Vous n’avez pas pris ce quiz